L'Ouzbékistan pour les touristes... - Statistiques

Statistiques générales
  • Ce quiz a été pris 16 fois
  • Le résultat moyen est 7 sur 20
Statistiques - réponses
Question Indice Réponses % Correct
Quelle est la langue officielle ? Ouzbek
94%
Le suffixe internet est uz
63%
Code sur les plaques minéralogiques UZ
63%
Dans la capitale quel est le décalage horaire avec Paris ? (+ ou - et chiffre) ex - 10 ou + 3,5 + 3
56%
Combien d'heures (environ) mettrez-vous pour vous y rendre ? (en chiffres) 7
56%
La religion majoritaire est Islam
56%
Le principal aéroport est T Tachkent
56%
Achats à faire 4/ Vin de Samarcande
50%
Quelles sont les principaux lieux touristiques ? S {Samarcande}
50%
Quelles sont les principaux lieux touristiques ? A Mer d'{Aral}
44%
Quel est le climat local ? C Continental
31%
Quelle est la monnaie ? Sum
25%
Comment se nomme la principale compagnie aérienne locale U A Uzbekistan Airways
25%
Quelles sont les principaux lieux touristiques ? F Vallée du {Ferghana}
19%
Achats à faire 2/ Vêtements brodés de Boukhara
13%
Quel est le régime du pays ? R S République semi-présidentielle
6%
Quelles sont les principaux lieux touristiques ? K Col de {Kamchik}
0%
Quelles sont les principaux lieux touristiques ? N Forteresse de {Nourata}
0%
Achats à faire 3/ Couteau traditionnel Pichok
0%
Achats à faire 1/ Céramique de Rishtan
0%
Aucun quiz correspondant
Distribution des résultats
% des personnes avec chaque résultat
Percentile par nombre de réponses
Votre historique - résultats
Vous n’avez pas pris ce quiz